| 000 | 00601nam a2200193 a 4500 | ||
|---|---|---|---|
| 001 | 10027 | ||
| 003 | CO-ViMGA | ||
| 008 | 141112s2004 ck r 000 u spa d | ||
| 040 |
_aCO-ViMGA _bspa _cCO-ViMGA |
||
| 082 | 0 | 4 | _a136.7 V94d |
| 100 | 1 |
_aVygotski , Lev S. _912535 |
|
| 245 | 1 | 0 | _aEl Desarrollo de los procesos psicológicos superiores |
| 260 |
_aBarcelona : _bGrijalbo, _c1996 |
||
| 300 | _a226p. | ||
| 650 | 1 | 4 |
_aDOMINIO DE LA MEMORIA Y EL PENSAMIENTO _912536 |
| 650 | 1 | 4 |
_aGESTOS Y SIGNOS VISUALES _912537 |
| 650 | 1 | 4 |
_aINSTRUMENTO Y SIMBOLO EN EL DESARROLLO DEL NIÑO _912538 |
| 942 |
_2ddc _cBK |
||
| 999 |
_c21403 _d21403 |
||